El retorno del pragmatismo / (Record no. 18433)

MARC details
000 -LEADER
campo de control de longitud fija 00838nam a2200265 i 4500
001 - NÚMERO DE CONTROL
campo de control 18433
003 - IDENTIFICADOR DE NÚMERO DE CONTROL
campo de control ES-MaACL
005 - FECHA Y HORA DE LA ÚLTIMA TRANSACCIÓN
campo de control 20250826053751.0
007 - CAMPO FIJO DE DESCRIPCIÓN FÍSICA--INFORMACIÓN GENERAL
campo de control de longitud fija t|
008 - DATOS DE LONGITUD FIJA--INFORMACIÓN GENERAL
campo de control de longitud fija 011107s2001 sp ||||0| spa j
020 ## - NÚMERO INTERNACIONAL ESTÁNDAR DEL LIBRO
Número Internacional Estándar del Libro 84-8164-466-8
040 ## - FUENTE DE CATALOGACIÓN
Centro catalogador/agencia de origen M-BN
Lengua de catalogación spa
Centro/agencia transcriptor M-BN
080 ## - NÚMERO DE LA CLASIFICACIÓN DECIMAL UNIVERSAL
Número de la Clasificación Decimal Universal 165.74
245 03 - MENCIÓN DEL TÍTULO
Título El retorno del pragmatismo /
Mención de responsabilidad, etc. edición de Luis Arenas, Jacobo Muñoz y Angeles J. Perona.
260 ## - PUBLICACIÓN, DISTRIBUCIÓN, ETC.
Lugar de publicación, distribución, etc. Madrid :
Nombre del editor, distribuidor, etc. Trotta,
Fecha de publicación, distribución, etc. [2001]
300 ## - DESCRIPCIÓN FÍSICA
Extensión 369 p ;
Dimensiones 23 cm.
490 1# - MENCIÓN DE SERIE
Mención de serie Colección Estructuras y procesos. Serie Filosofía
650 17 - PUNTO DE ACCESO ADICIONAL DE MATERIA--TÉRMINO DE MATERIA
Término de materia o nombre geográfico como elemento de entrada Pragmatismo
Fuente del encabezamiento o término embne
9 (RLIN) 16336
700 1# - ENTRADA AGREGADA--NOMBRE PERSONAL
Nombre de persona Arenas, Luis.
9 (RLIN) 22599
700 1# - ENTRADA AGREGADA--NOMBRE PERSONAL
Nombre de persona Muñoz, Jacobo.
9 (RLIN) 137824
700 1# - ENTRADA AGREGADA--NOMBRE PERSONAL
Nombre de persona Perona, Angeles J.
9 (RLIN) 91320
830 00 - PUNTO DE ACCESO ADICIONAL DE SERIE-TÍTULO UNIFORME
Título uniforme Estructuras y procesos.
Nombre de parte o sección de la obra Filosofía
9 (RLIN) 183056
852 ## - LOCALIZACIÓN
Ubicación ES-MaACL
Número de control de estantería L-25055
Sublocalización o colección R.130644
Holdings
Estatus retirado Estado de pérdida Estado de daño No para préstamo Biblioteca de origen Biblioteca actual Ubicación en estantería Fecha de adquisición Fuente de adquisición Total de préstamos Signatura topográfica completa Código de barras Visto por última vez Precio de reemplazo Tipo de ítem Koha
        Biblioteca del Ateneo de Madrid Biblioteca del Ateneo de Madrid Depósito 2 17/01/2008     L-25055 1018859 23/02/2023 23/02/2023 Libro impreso